Missing Word: Concept Albums Quiz Stats

 Plays Quiz Updated Oct 29, 2019

Score 0/16 Timer 02:30
1 Play Today
Album Missing Word % Correct
The _____ Side of the MoonDark
96.5%
Sgt. Pepper's Lonely Hearts _____ BandClub
94.3%
The Rise and Fall of _____ Stardust and the Spiders from MarsZiggy
92%
_____ Going OnWhat's
89.1%
American _____Idiot
80.4%
_____ Son of a Seventh SonSeventh
78.2%
In the Wee Small _____Hours
76%
_____ SoundsPet
70.8%
Album Missing Word % Correct
The Downward _____Spiral
67.7%
_____ as a BrickThick
67.5%
_____ GangsterAmerican
62.7%
The Who Sell _____Out
61.4%
The Kinks Are the Village Green Preservation _____Society
57.5%
Captain _____ and the Brown Dirt CowboyFantastic
40.8%
The _____ ParadeBlack
38.5%
The _____ Lies Down on BroadwayLamb
29.4%

Today's Daily Dose

Missing Word
Celine Dion

Word Ladder
Dr. Seuss Books

Quick Pick
Cities in India

Get the Picture
'A' Actresses

You're not logged in!

Compare scores with friends on all Sporcle quizzes.
OR
Log In

Sporcle TV

Today on Sporcle TV


Watch our educational content, quiz creation guides, and fun videos on Sporcle TV.

Show Comments

Extras

Top Quizzes Today


Score Distribution

Your Account Isn't Verified!

In order to create a playlist on Sporcle, you need to verify the email address you used during registration. Go to your Sporcle Settings to finish the process.

Report this User

Report this user for behavior that violates our Community Guidelines.

Details: